Group theory and numerical analysis
Αποθηκεύτηκε σε:
| Συγγραφή απο Οργανισμό/Αρχή: | |
|---|---|
| Άλλοι συγγραφείς: | |
| Μορφή: | Πρακτικό Συνεδρίου Βιβλίο |
| Γλώσσα: | English |
| Δημοσίευση: |
Providence, R.I. :
American Mathematical Society,
c2005
|
| Σειρά: | CRM proceedings & lecture notes ;
; 39 |
| Θέματα: | |
| Ετικέτες: |
Προσθήκη ετικέτας
Δεν υπάρχουν, Καταχωρήστε ετικέτα πρώτοι!
|
MARC
| LEADER | 00000cam a2200000 i 4500 | ||
|---|---|---|---|
| 001 | 1/80259 | ||
| 008 | 080403s2005 eng d | ||
| 020 | |a 0-8218-3565-3 | ||
| 035 | |l 10096169 | ||
| 040 | |a GR-MY-UA |b gre |e aacr | ||
| 041 | 0 | |a eng | |
| 082 | 0 | |a 512.2 |2 (22) | |
| 111 | 2 | |a Workshop on Group Theory and Numerical Analysis |d (2003 : |c Montréal, Québec) | |
| 245 | 1 | 0 | |a Group theory and numerical analysis / |c P. Winternitz ... [κ. ά.] |
| 260 | |a Providence, R.I. : |b American Mathematical Society, |c c2005 | ||
| 300 | |a xi, 298 σ.; |b εικ.; |c 26 εκ. | ||
| 490 | 1 | |a CRM proceedings & lecture notes |v ; 39 | |
| 504 | |a Περιέχει βιβλιογραφικές παραπομπές | ||
| 650 | 0 | 0 | |a Group theory |x Congresses. |
| 650 | 0 | 0 | |a Numerical analysis |x Congresses. |
| 700 | 1 | |a Winternitz, Pavel. | |
| 830 | 0 | |a CRM proceedings & lecture notes ; |v ; 39 | |
| 852 | |a INST |b SAMOS |e 20080403 |h 512.2 WOR |p 005300026506 |q 005300026506 |t BK |y 0 | ||
| 901 | |a BIBL3-2008-1 | ||
| 909 | |a Σ |b 145593 | ||
| 922 | |a 3ΕΛΗ |b 200801 |c ΕΠΕΑΕΚ2/ΤΜΗΜΑ ΜΑΘΗΜΑΤΙΚΩΝ |d ΕΛΕΥΘΕΡΟΥΔΑΚΗΣ | ||
| 970 | |a ΡΟΥΣΣΟΥ |b ΚΩΝΣΤΑΝΤΙΝΑ |z 2008/04/03 | ||